[Event "VIII Open"]
[Site "Padova ITA"]
[Date "2005.12.15"]
[Round "6"]
[White "Zarpellon, Daniel"]
[Black "Russo, Carmelo"]
[Result "1-0"]
[WhiteElo "2010"]
[BlackElo "1728"]
[PlyCount "73"]
[EventDate "2005.12.10"]

1. e4 c5 2. d4 cxd4 3. c3 dxc3 4. Nxc3 Nc6 5. Nf3 d6 6. Bc4 e6 7. O-O g6 8. Qe2
Bg7 9. Rd1 Nge7 10. Nb5 O-O 11. Rxd6 Qa5 12. Bd2 Qb6 13. Be3 Qa5 14. Nd2 Qb4
15. Rb1 Rd8 16. Rxd8+ Nxd8 17. a3 Qa4 18. b3 Qa5 19. b4 Qa4 20. Qd3 Nec6 21.
Nc7 a6 22. Nxa8 b5 23. Ba2 Bd4 24. Bxd4 Nxb4 25. Rxb4 Qd1+ 26. Qf1 Qxd2 27. Qa1
Nc6 28. Be3 Qc2 29. Rb2 Qxe4 30. Qb1 Qh4 31. Nb6 Bb7 32. Nd7 Nd4 33. Qd1 Nf5
34. Bb1 Qe7 35. Bxf5 gxf5 36. Rd2 f6 37. Nc5 1-0

[Event "VIII Open"]
[Site "Padova ITA"]
[Date "2005.12.16"]
[Round "7"]
[White "Antoniacci, Riccardo"]
[Black "Milanesi, Erminio"]
[Result "1-0"]
[WhiteElo "1972"]
[BlackElo "1616"]
[PlyCount "149"]
[EventDate "2005.12.10"]

1. d4 g6 2. c4 Nh6 3. Nc3 f6 4. e4 Nf7 5. f4 Bg7 6. Nf3 d6 7. Be3 Bg4 8. h3
Bxf3 9. Qxf3 c6 10. Bd3 Nd7 11. O-O O-O 12. h4 e5 13. Qg3 Bh6 14. Rf2 Qe7 15.
Raf1 Kg7 16. Qh2 exf4 17. Bxf4 Bxf4 18. Rxf4 g5 19. hxg5 Nxg5 20. Rg4 h6 21.
Ne2 Rh8 22. Ng3 Kf8 23. Nf5 Qe6 24. Qxd6+ Qxd6 25. Nxd6 Ke7 26. Nxb7 Rab8 27.
Na5 Rxb2 28. Nxc6+ Kd6 29. Nxa7 Rxa2 30. c5+ Nxc5 31. dxc5+ Kxc5 32. Rf5+ Kd4
33. Rd5+ Ke3 34. Nb5 h5 35. Bb1 hxg4 36. Bxa2 Nxe4 37. Bb1 Ng3 38. Rd3+ Kf4 39.
Kf2 Ne4+ 40. Ke2 Rh2 41. Rd4 f5 42. Bxe4 fxe4 43. Kf2 g3+ 44. Kg1 Ke3 45. Rd5
Rh8 46. Nd6 Ra8 47. Rd1 Kf4 48. Nc4 Ra4 49. Rf1+ Kg5 50. Ne3 Ra5 51. Rf8 Ra1+
52. Rf1 Ra5 53. Rd1 Kf4 54. Nd5+ Ke5 55. Nc3 Ra3 56. Ne2 Rd3 57. Ra1 Re3 58.
Kf1 Rd3 59. Ke1 Rb3 60. Ra5+ Kf6 61. Rh5 Kg6 62. Re5 Re3 63. Kd1 Rd3+ 64. Kc2
Re3 65. Nf4+ Kg7 66. Kd2 Ra3 67. Rxe4 Kf6 68. Ne2 Kf5 69. Rf4+ Kg5 70. Rf3 Ra2+
71. Kd3 Ra3+ 72. Kc4 Rxf3 73. gxf3 Kf5 74. Kd4 g2 75. Ke3 1-0

[Event "VIII Open"]
[Site "Padova ITA"]
[Date "2005.12.16"]
[Round "7"]
[White "Bondielli, Giorgio"]
[Black "Sautto, Alessandra"]
[Result "0-1"]
[WhiteElo "2005"]
[BlackElo "1939"]
[PlyCount "76"]
[EventDate "2005.12.10"]

1. e4 e6 2. c4 d5 3. exd5 exd5 4. cxd5 Qxd5 5. Nc3 Qd6 6. d4 c6 7. Nf3 Bg4 8.
Be2 Nf6 9. O-O Be7 10. Qb3 Qb4 11. Qc2 O-O 12. Be3 Nbd7 13. Rfd1 Qa5 14. Ne4
Bf5 15. Bd3 Bxe4 16. Bxe4 Nxe4 17. Qxe4 Rfe8 18. Qg4 Nf6 19. Qh3 Rad8 20. a3 a6
21. Nh4 Qh5 22. f3 Nd5 23. Bf2 Nf4 24. Qg4 Qxg4 25. fxg4 Bxh4 26. Bxh4 Rxd4 27.
Bf2 Rxd1+ 28. Rxd1 Nd5 29. Kf1 f6 30. h4 Kf7 31. g5 fxg5 32. hxg5 Ne3+ 33. Bxe3
Rxe3 34. Kf2 Re7 35. Kf3 Ke6 36. Ke4 Rf7 37. Rh1 Rf2 38. Rxh7 Kf7 0-1

[Event "VIII Open"]
[Site "Padova ITA"]
[Date "2005.12.16"]
[Round "7"]
[White "Chiesa, Roberto"]
[Black "Zarpellon, Daniel"]
[Result "0-1"]
[WhiteElo "1634"]
[BlackElo "2010"]
[PlyCount "174"]
[EventDate "2005.12.10"]

1. d4 d5 2. Nf3 Nf6 3. Bf4 Bf5 4. e3 e6 5. Bd3 Bxd3 6. Qxd3 Nbd7 7. Nbd2 Be7 8.
h3 O-O 9. O-O c5 10. c3 c4 11. Qc2 b5 12. Ne5 Nxe5 13. Bxe5 Nd7 14. Bh2 f5 15.
f3 Qb6 16. f4 Nf6 17. Bg3 Ne4 18. Nxe4 fxe4 19. Qe2 Rf5 20. a3 a5 21. Rfb1 Raf8
22. Rf1 Bd6 23. Bh4 Qc7 24. g4 R5f7 25. g5 g6 26. Bg3 Rf5 27. h4 Qg7 28. Kg2 h5
29. Bh2 Ra8 30. Bg3 Qf8 31. Qd2 b4 32. axb4 axb4 33. Rfb1 Rf7 34. Qc1 Rfa7 35.
Be1 bxc3 36. Bxc3 Qf5 37. Rxa7 Qg4+ 38. Kf1 Qf3+ 39. Kg1 Rxa7 40. Qe1 Bc7 41.
Qf2 Qxf2+ 42. Kxf2 Kf7 43. Kg3 Ke7 44. Kf2 Kd7 45. Ke2 Kc6 46. Kd2 Ra2 47. Kc2
Kb5 48. Rf1 Ra6 49. Rb1 Bd6 50. Rf1 Bb4 51. Rb1 Ra2 52. Kd2 Ra4 53. Kc2 Ka5 54.
Rf1 Bxc3 55. Kxc3 Kb5 56. Rb1 Ka5 57. Re1 Rb4 58. Ra1+ Kb5 59. Rb1 Rb3+ 60. Kd2
Rd3+ 61. Ke2 Rb3 62. Kd2 Kb4 63. Ke2 Rd3 64. Ra1 Kb3 65. Ra6 Kxb2 66. Rxe6 c3
67. Rb6+ Kc2 68. Rxg6 Rd2+ 69. Ke1 Kd3 70. Rc6 c2 71. g6 Kxe3 72. Rc3+ Rd3 73.
Rxc2 Rb3 74. Re2+ Kxd4 75. Rg2 Rb8 76. g7 Rg8 77. Rg5 e3 78. Ke2 Ke4 79. f5 d4
80. f6 d3+ 81. Ke1 Rc8 82. Kf1 e2+ 83. Kf2 Rc1 84. Rg1 Rxg1 85. Kxg1 e1=Q+ 86.
Kg2 Qe2+ 87. Kg1 d2 0-1

[Event "VIII Open"]
[Site "Padova ITA"]
[Date "2005.12.16"]
[Round "7"]
[White "Contini, Davide"]
[Black "Cipolotti, Piersilvio"]
[Result "1/2-1/2"]
[WhiteElo "2056"]
[BlackElo "1703"]
[PlyCount "44"]
[EventDate "2005.12.10"]

1. d4 Nc6 2. c4 e5 3. d5 Nce7 4. e4 Ng6 5. a3 Bc5 6. Nf3 d6 7. Be2 Nf6 8. Nc3
O-O 9. Qc2 Ng4 10. O-O Nh4 11. b4 Bb6 12. Na4 Nxf3+ 13. Bxf3 Bd4 14. Bb2 Bxb2
15. Nxb2 Nh6 16. Qd2 f5 17. c5 f4 18. cxd6 cxd6 19. Nc4 g5 20. Rfc1 Qf6 21. Be2
Bg4 22. Bxg4 Nxg4 1/2-1/2

[Event "VIII Open"]
[Site "Padova ITA"]
[Date "2005.12.16"]
[Round "7"]
[White "Del Monaco, Andrea"]
[Black "Rossi, Carlo"]
[Result "0-1"]
[WhiteElo "2234"]
[BlackElo "2357"]
[PlyCount "60"]
[EventDate "2005.12.10"]

1. e4 Nf6 2. Nc3 Nc6 3. Nf3 d5 4. exd5 Nxd5 5. Bc4 Nb6 6. Bb3 e5 7. d3 Be7 8.
Ng5 Bxg5 9. Qh5 g6 10. Qxg5 f6 11. Qh4 Bf5 12. g4 Nd4 13. Qh6 Be6 14. Qg7 Qe7
15. Ba4+ c6 16. Bh6 Rg8 17. Qxe7+ Kxe7 18. Be3 Bxg4 19. Bb3 Rge8 20. Ne4 Bf3
21. Bxd4 exd4 22. O-O Bxe4 23. dxe4 c5 24. a3 Kd6 25. Rac1 Re7 26. f4 Rae8 27.
e5+ fxe5 28. fxe5+ Rxe5 29. Rf6+ Kd7 30. Rf7+ R5e7 0-1

[Event "VIII Open"]
[Site "Padova ITA"]
[Date "2005.12.16"]
[Round "7"]
[White "Di Lazzaro, Gabriele"]
[Black "Canazza, Alessandro"]
[Result "1/2-1/2"]
[WhiteElo "2025"]
[BlackElo "1727"]
[PlyCount "34"]
[EventDate "2005.12.10"]

1. e4 Nf6 2. e5 Nd5 3. d4 d6 4. Bc4 c6 5. Nf3 Bg4 6. O-O e6 7. Bb3 Nd7 8. Re1
dxe5 9. dxe5 Qc7 10. c4 N5b6 11. Bf4 Be7 12. Bg3 Nc5 13. Nbd2 Rd8 14. Qc2 Bf5
15. Qc3 Nba4 16. Bxa4 Nxa4 17. Qc1 Nc5 1/2-1/2

[Event "VIII Open"]
[Site "Padova ITA"]
[Date "2005.12.16"]
[Round "7"]
[White "Diotallevi, Maurizio"]
[Black "Gallo, Enrico"]
[Result "0-1"]
[WhiteElo "2113"]
[BlackElo "2113"]
[PlyCount "80"]
[EventDate "2005.12.10"]

1. e4 e6 2. Qe2 c5 3. Nf3 Nc6 4. g3 d6 5. Bg2 e5 6. c3 Nf6 7. O-O Be7 8. d3 O-O
9. Na3 Re8 10. Nc2 Bf8 11. Bg5 h6 12. Bd2 Be6 13. c4 a6 14. Nh4 b5 15. b3 b4
16. Kh1 a5 17. Rfd1 a4 18. Qe1 Qd7 19. Qf1 Ra7 20. f4 Bg4 21. Re1 exf4 22. gxf4
Be7 23. Qf2 Rea8 24. Nf3 Ne8 25. Qf1 Bxf3 26. Bxf3 Bf6 27. Rad1 axb3 28. axb3
Ra2 29. Ne3 R8a3 30. Nf5 Nd4 31. Nxd4 Bxd4 32. e5 Rxb3 33. Qg2 Rbb2 34. e6 fxe6
35. Rxe6 Rxd2 36. Qxd2 Rxd2 37. Rxd2 Nf6 38. Ree2 Qf5 39. Rd1 b3 40. Rde1 b2
0-1

[Event "VIII Open"]
[Site "Padova ITA"]
[Date "2005.12.16"]
[Round "7"]
[White "Dragojlovic, Andjelko"]
[Black "Cedriano, Filippo"]
[Result "1-0"]
[WhiteElo "2309"]
[BlackElo "2039"]
[PlyCount "67"]
[EventDate "2005.12.10"]

1. e4 Nf6 2. Nc3 d5 3. e5 d4 4. exf6 dxc3 5. fxg7 cxd2+ 6. Qxd2 Qxd2+ 7. Bxd2
Bxg7 8. O-O-O Bf5 9. Ne2 e5 10. Ng3 Bg6 11. f4 f6 12. fxe5 fxe5 13. Be2 O-O 14.
Nh5 Bxh5 15. Bxh5 Nc6 16. Bf3 Nd4 17. Bxb7 Ne2+ 18. Kb1 Rad8 19. Be4 Nd4 20. c3
Nb5 21. Kc2 Rf2 22. Rhf1 Rdf8 23. Bf3 Rxf1 24. Rxf1 e4 25. Be2 Rxf1 26. Bxf1
Nd6 27. g4 Be5 28. h3 Kf7 29. Be3 a5 30. a4 Ke6 31. b4 Kd7 32. bxa5 Kc8 33. a6
Kb8 34. Bb5 1-0

[Event "VIII Open"]
[Site "Padova ITA"]
[Date "2005.12.16"]
[Round "7"]
[White "Drazic, Sinisa"]
[Black "Naumkin, Igor"]
[Result "1-0"]
[WhiteElo "2523"]
[BlackElo "2445"]
[PlyCount "127"]
[EventDate "2005.12.10"]

1. Nf3 Nf6 2. c4 e6 3. g3 d5 4. Bg2 Be7 5. O-O O-O 6. d4 dxc4 7. Ne5 Nc6 8.
Bxc6 bxc6 9. Nxc6 Qe8 10. Nxe7+ Qxe7 11. Qa4 e5 12. dxe5 Qxe5 13. Qxc4 Qh5 14.
f3 a5 15. Nc3 Re8 16. g4 Qg6 17. Rf2 h5 18. g5 Nh7 19. h4 c6 20. Qf4 Nf8 21.
Kh2 Ba6 22. e4 Ne6 23. Qd6 f5 24. gxf6 Qxf6 25. Bg5 Qf7 26. Rg1 Ra7 27. Qxc6
Bb7 28. Qd6 Ba8 29. Qg3 Rd7 30. Re1 Nc5 31. Re3 Rf8 32. Rg2 Ne6 33. Rf2 Nc5 34.
a3 Qe6 35. Ne2 Rdf7 36. Nf4 Qb6 37. Rg2 Nd7 38. Nxh5 Kh7 39. Rc3 g6 40. Nf4 Ne5
41. Nd5 Nxf3+ 42. Rxf3 Bxd5 43. Rxf7+ Bxf7 44. Rf2 Qe6 45. Qf4 Kg8 46. b4 axb4
47. axb4 Ra8 48. Bf6 Ra3 49. Kg1 Rb3 50. Bb2 Qd7 51. Qe5 Kf8 52. Qb8+ Qe8 53.
Qd6+ Kg8 54. Qd4 Kf8 55. Qc5+ Kg8 56. Qd4 Kf8 57. Qg7+ Ke7 58. Qf6+ Kf8 59.
Qg7+ Ke7 60. Bd4 Qg8 61. Bc5+ Ke8 62. Qxg8+ Bxg8 63. Rf8+ Kd7 64. Rxg8 1-0

[Event "VIII Open"]
[Site "Padova ITA"]
[Date "2005.12.16"]
[Round "7"]
[White "Facchin, Francesco"]
[Black "Belloni, Umberto"]
[Result "1/2-1/2"]
[WhiteElo "1506"]
[BlackElo "1910"]
[PlyCount "50"]
[EventDate "2005.12.10"]

1. d4 e6 2. Nf3 d5 3. Bg5 Nf6 4. e3 Nbd7 5. Nbd2 h6 6. Bxf6 Nxf6 7. Bd3 c6 8.
Qe2 Qb6 9. Rb1 Be7 10. O-O Nd7 11. b4 f5 12. c4 O-O 13. c5 Qc7 14. a4 a6 15. a5
Bf6 16. Nb3 Qd8 17. g3 Qe8 18. Kg2 Qh5 19. Nfd2 Qxe2 20. Bxe2 g5 21. f4 g4 22.
Rh1 Kg7 23. h3 h5 24. hxg4 hxg4 25. Rh2 Rh8 1/2-1/2

[Event "VIII Open"]
[Site "Padova ITA"]
[Date "2005.12.16"]
[Round "7"]
[White "Isonzo, David"]
[Black "Navarro, Stefano"]
[Result "1-0"]
[WhiteElo "2337"]
[BlackElo "2224"]
[PlyCount "43"]
[EventDate "2005.12.10"]

1. Nf3 d5 2. g3 Nf6 3. Bg2 Nbd7 4. d4 e6 5. O-O Bd6 6. Nbd2 c6 7. Re1 O-O 8. e4
Nxe4 9. Nxe4 dxe4 10. Rxe4 c5 11. dxc5 Bxc5 12. Be3 Qb6 13. b3 Nf6 14. Bxc5
Qxc5 15. Rc4 Qe7 16. Ne5 Rb8 17. Qd4 Nd5 18. Qxa7 Qd6 19. Qd4 f6 20. Nd3 Rd8
21. Rd1 e5 22. Nxe5 1-0

[Event "VIII Open"]
[Site "Padova ITA"]
[Date "2005.12.16"]
[Round "7"]
[White "Laketic, Gojko"]
[Black "D'Innocente, Stefano"]
[Result "1-0"]
[WhiteElo "2479"]
[BlackElo "2262"]
[PlyCount "78"]
[EventDate "2005.12.10"]

1. d4 d5 2. c4 e6 3. Nc3 c6 4. cxd5 exd5 5. Qc2 Bd6 6. Nf3 Ne7 7. Bg5 f6 8. Bh4
O-O 9. e3 Bf5 10. Qd2 Nd7 11. Bg3 Nc8 12. Nh4 Be6 13. Bd3 f5 14. Qc2 g6 15.
Bxd6 Nxd6 16. g3 Qe7 17. Ng2 Kg7 18. Nf4 Nf6 19. O-O-O Bf7 20. h4 Rac8 21. Kb1
b5 22. Qe2 Nde4 23. Rc1 h6 24. Qe1 g5 25. Nh3 Bh5 26. hxg5 hxg5 27. f4 Bf3 28.
fxg5 Ng4 29. Bxe4 fxe4 30. Rg1 Kg6 31. Rc2 Qd7 32. a4 a6 33. Na2 Rh8 34. Nf4+
Kxg5 35. a5 Rh6 36. Qc3 Rch8 37. Nb4 Rh1 38. Rxh1 Rxh1+ 39. Ka2 Rh3 1-0

[Event "VIII Open"]
[Site "Padova ITA"]
[Date "2005.12.16"]
[Round "7"]
[White "Lazic, Miroljub"]
[Black "Dervishi, Erald"]
[Result "1/2-1/2"]
[WhiteElo "2472"]
[BlackElo "2489"]
[PlyCount "43"]
[EventDate "2005.12.10"]

1. Nf3 d5 2. b3 Bg4 3. e3 Nd7 4. Bb2 Ngf6 5. Be2 Bxf3 6. Bxf3 e5 7. Be2 Bd6 8.
d3 Qe7 9. c4 c6 10. Qc2 O-O 11. O-O Rfe8 12. Nd2 Nf8 13. Rac1 Rad8 14. c5 Bb8
15. e4 Ne6 16. Nf3 Nd4 17. Nxd4 exd4 18. Bxd4 dxe4 19. Bxf6 Qxf6 20. dxe4 Qf4
21. g3 Qxe4 22. Qxe4 1/2-1/2

[Event "VIII Open"]
[Site "Padova ITA"]
[Date "2005.12.16"]
[Round "7"]
[White "Opacic, Alexandar"]
[Black "De Santis, Alessio"]
[Result "1/2-1/2"]
[WhiteElo "2122"]
[BlackElo "2331"]
[PlyCount "126"]
[EventDate "2005.12.10"]

1. e4 g6 2. d4 Bg7 3. Nc3 d6 4. g3 e6 5. Bg2 Ne7 6. Nge2 Nd7 7. O-O O-O 8. Be3
h6 9. Qd2 Kh7 10. Rad1 a6 11. a4 Rb8 12. f4 b5 13. axb5 axb5 14. b3 f5 15. e5
d5 16. Na2 Rg8 17. Nb4 Bb7 18. Ra1 Ra8 19. Qc3 Rxa1 20. Rxa1 c6 21. Nd3 Nc8 22.
h4 Bf8 23. Kf2 Be7 24. Nc5 Nxc5 25. dxc5 Kg7 26. Nd4 Kf7 27. b4 h5 28. Nf3 Qc7
29. Bd4 Rd8 30. Bf1 Rh8 31. Bd3 Bd8 32. Qe1 Be7 33. Qe2 Qd7 34. Be3 Rd8 35. Nd4
Bf8 36. Ra5 Be7 37. Qd1 Rh8 38. Kg2 Rd8 39. c3 Rh8 40. Qa1 Rd8 41. Qa2 Rh8 42.
Qe2 Bd8 43. Ra3 Be7 44. Kh3 Rd8 45. Ra5 Rf8 46. Ra2 Rh8 47. Bxb5 cxb5 48. Qxb5
Qxb5 49. Nxb5 Ke8 50. Na7 Kd7 51. b5 Bxc5 52. Bxc5 Nxa7 53. Rxa7 Kc7 54. Kh2
Ra8 55. Rxa8 Bxa8 56. Kg1 Bb7 57. Kf2 Bc8 58. Ke3 Bd7 59. b6+ Kc6 60. Kd4 Bc8
61. c4 dxc4 62. Kxc4 Ba6+ 63. Kb4 Bb7 1/2-1/2

[Event "VIII Open"]
[Site "Padova ITA"]
[Date "2005.12.16"]
[Round "7"]
[White "Pichierri, Gianmatteo"]
[Black "Palumbo, Giuseppe"]
[Result "1-0"]
[WhiteElo "1539"]
[BlackElo "1631"]
[PlyCount "36"]
[EventDate "2005.12.10"]

1. e4 c5 2. f4 Nc6 3. Nf3 d6 4. d4 cxd4 5. Nxd4 Nf6 6. Nc3 a6 7. Be2 e6 8. O-O
Be7 9. e5 dxe5 10. Nxc6 Qb6+ 11. Kh1 Qxc6 12. fxe5 Nd7 13. Bf3 Qc7 14. Bf4 Nxe5
15. Qe2 Bd6 16. Ne4 Nc4 17. Nxd6+ Nxd6 18. Rad1 Ke7 1-0

[Event "VIII Open"]
[Site "Padova ITA"]
[Date "2005.12.16"]
[Round "7"]
[White "Roberti, Ignazio"]
[Black "Mosconi, Ariel Oscar"]
[Result "0-1"]
[WhiteElo "1937"]
[BlackElo "2164"]
[PlyCount "128"]
[EventDate "2005.12.10"]

1. e4 c5 2. Nf3 a6 3. b3 d6 4. Bb2 e6 5. d4 cxd4 6. Nxd4 Nd7 7. Nd2 Ndf6 8. Be2
Ne7 9. O-O Ng6 10. f4 e5 11. f5 Nf4 12. N4f3 Qb6+ 13. Kh1 Ng4 14. Qe1 Ne3 15.
Nc4 Nxc4 16. Bxc4 Be7 17. Nxe5 dxe5 18. Bxe5 Nh5 19. g4 Bf6 20. Bxf6 Nxf6 21.
g5 Ng4 22. Qg3 h5 23. Rae1 Qc5 24. g6 f6 25. Bf7+ Ke7 26. e5 Nxe5 27. Rxe5+
fxe5 28. Qh4+ Kd6 29. Rd1+ Kc7 30. b4 Qe3 31. Qe7+ Kb8 32. Bd5 Ka7 33. c4 Rb8
34. Rf1 Bxf5 35. Rxf5 Qc1+ 36. Kg2 Qc2+ 37. Rf2 Qxg6+ 38. Kh1 Rhe8 39. Qd7 Qb1+
40. Kg2 Qxb4 41. Rf7 Red8 42. Qc6 Rd6 43. Qc7 Rg6+ 44. Kh3 Qc3+ 45. Rf3 Qd4 46.
Rg3 Rxg3+ 47. hxg3 e4 48. Qf4 g5 49. Qxg5 e3 50. Qe7 Qg4+ 51. Kg2 Qe2+ 52. Kh3
Qg4+ 53. Kh2 Qd4 54. a4 a5 55. Kh3 Qb6 56. c5 Qd8 57. Qe4 e2 58. Qd4 Qxd5 59.
Qxd5 e1=Q 60. c6 bxc6 61. Qd7+ Rb7 62. Qd4+ Ka8 63. Qh8+ Rb8 64. Qxh5 Qh1+ 0-1

[Event "VIII Open"]
[Site "Padova ITA"]
[Date "2005.12.16"]
[Round "7"]
[White "Russo, Carmelo"]
[Black "Rosina, Graziano"]
[Result "1/2-1/2"]
[WhiteElo "1728"]
[BlackElo "1509"]
[PlyCount "123"]
[EventDate "2005.12.10"]

1. d4 Nf6 2. c4 e6 3. Nf3 b6 4. Nc3 Bb4 5. Bd2 c5 6. a3 Bxc3 7. Bxc3 cxd4 8.
Nxd4 O-O 9. Nf3 Bb7 10. e3 d5 11. Be2 dxc4 12. Bxc4 Ne4 13. Bb4 Re8 14. O-O a5
15. Qxd8 Rxd8 16. Be7 Rd7 17. Rad1 Rxd1 18. Rxd1 Nc6 19. Bh4 Nf6 20. Bg3 Rc8
21. Be2 Ne7 22. Nd4 Nf5 23. Nxf5 exf5 24. Be5 Ng4 25. Bd4 h5 26. Bxb6 Rc2 27.
Bxg4 fxg4 28. Bd4 Bd5 29. Bc3 a4 30. Kf1 Bc4+ 31. Kg1 Bb3 32. Re1 g6 33. h3
gxh3 34. gxh3 Kf8 35. h4 Ke7 36. Kg2 Ke6 37. Kg3 Kf5 38. e4+ Ke6 39. Re3 Rc1
40. Rf3 Rg1+ 41. Kh3 Rg4 42. Rf6+ Ke7 43. f3 Rg1 44. Kh2 Rc1 45. Rf4 Ke6 46. e5
Rd1 47. Kg2 Rd8 48. Rf6+ Kd7 49. Kg3 Rc8 50. Rd6+ Ke8 51. Rd4 Rc4 52. Rd6 Rc8
53. Rf6 Kd7 54. Kf4 Rc6 55. Kg5 Rxf6 56. Kxf6 Kc6 57. f4 Be6 58. Ke7 Kb5 59.
Kd6 Kb6 60. Bd4+ Kb5 61. Kc7 Bf5 62. Kb7 1/2-1/2

[Event "VIII Open"]
[Site "Padova ITA"]
[Date "2005.12.16"]
[Round "7"]
[White "Tamburrini, Pierluigi"]
[Black "Cardili, Mariano"]
[Result "0-1"]
[WhiteElo "1643"]
[BlackElo "2066"]
[PlyCount "34"]
[EventDate "2005.12.10"]

1. e4 c6 2. d4 d5 3. f3 e6 4. Be3 dxe4 5. Nd2 exf3 6. Ngxf3 Nf6 7. Bd3 Nbd7 8.
O-O Be7 9. Ne5 O-O 10. Ndf3 Nd5 11. Bd2 c5 12. Bxh7+ Kxh7 13. Ng5+ Bxg5 14.
Qh5+ Kg8 15. Nxf7 N7f6 16. Qxg5 Rxf7 17. Qg6 Ne7 0-1

[Event "VIII Open"]
[Site "Padova ITA"]
[Date "2005.12.17"]
[Round "8"]
[White "Belloni, Umberto"]
[Black "Pichierri, Gianmatteo"]
[Result "0-1"]
[WhiteElo "1910"]
[BlackElo "1539"]
[PlyCount "84"]
[EventDate "2005.12.10"]

1. d4 d5 2. c3 Nf6 3. Bg5 Ne4 4. Bh4 Bf5 5. Nd2 Nd7 6. Ngf3 Ndf6 7. e3 e6 8.
Nxe4 Bxe4 9. Ne5 Be7 10. Be2 O-O 11. O-O Nd7 12. Bg3 Nxe5 13. Bxe5 Bd6 14. Bg3
Bxg3 15. hxg3 Qe7 16. Rc1 c5 17. Qa4 c4 18. a3 a5 19. Qd1 h6 20. f3 Bg6 21. Kf2
b5 22. Qd2 Rfb8 23. Bd1 b4 24. a4 bxc3 25. Qxc3 Qb4 26. b3 cxb3 27. Qb2 Qxa4
28. Kg1 Qb4 29. Ra1 a4 30. Ra3 Rc8 31. Kh2 Qc3 32. Rf2 Qxb2 33. Rxb2 Kf8 34. g4
Ke7 35. Kg3 Bd3 36. Kf2 Kd7 37. Ke1 Kc6 38. Kd2 Bg6 39. Be2 Kb6 40. Bd1 Kb5 41.
Ra1 Kb4 42. Raa2 Rc3 0-1

[Event "VIII Open"]
[Site "Padova ITA"]
[Date "2005.12.17"]
[Round "8"]
[White "Bondielli, Giorgio"]
[Black "Facchin, Francesco"]
[Result "1-0"]
[WhiteElo "2005"]
[BlackElo "1506"]
[PlyCount "41"]
[EventDate "2005.12.10"]

1. e4 d6 2. d4 Nf6 3. Bd3 e5 4. c3 Be7 5. Nf3 Nbd7 6. O-O O-O 7. Nbd2 b6 8. Re1
Bb7 9. Nf1 exd4 10. cxd4 c5 11. Ng3 Re8 12. Bg5 h6 13. Bf4 Nf8 14. Nf5 Ng6 15.
Qd2 Bf8 16. Ng3 Rc8 17. Rac1 Qd7 18. e5 Nxf4 19. Qxf4 Qg4 20. Qxg4 Nxg4 21. Bf5
1-0

[Event "VIII Open"]
[Site "Padova ITA"]
[Date "2005.12.17"]
[Round "8"]
[White "Canazza, Alessandro"]
[Black "Contini, Davide"]
[Result "0-1"]
[WhiteElo "1727"]
[BlackElo "2056"]
[PlyCount "56"]
[EventDate "2005.12.10"]

1. c4 Nf6 2. Nc3 g6 3. e4 d6 4. d4 Bg7 5. f3 O-O 6. Be3 c6 7. Qd2 e5 8. dxe5
dxe5 9. Qxd8 Rxd8 10. Rd1 Bd7 11. g3 Na6 12. a3 Nc7 13. Bg2 Be6 14. b3 Bf8 15.
Rxd8 Rxd8 16. Bc1 Na6 17. Bf1 Nc5 18. b4 Nd3+ 19. Bxd3 Rxd3 20. Nb1 Bxc4 21.
Nd2 Ba6 22. Ne2 c5 23. bxc5 Bxc5 24. a4 Nd7 25. Rf1 Bb4 26. f4 Nc5 27. fxe5
Nxe4 28. Nf4 Re3+ 0-1

[Event "VIII Open"]
[Site "Padova ITA"]
[Date "2005.12.17"]
[Round "8"]
[White "Cardili, Mariano"]
[Black "Diotallevi, Maurizio"]
[Result "0-1"]
[WhiteElo "2066"]
[BlackElo "2113"]
[PlyCount "138"]
[EventDate "2005.12.10"]

1. d4 d5 2. c4 e6 3. cxd5 exd5 4. Nc3 c6 5. Nf3 Be7 6. Qc2 g6 7. Bf4 Bf5 8. Qb3
Qb6 9. Qxb6 axb6 10. e3 Nd7 11. h3 h5 12. Be2 b5 13. O-O b4 14. Nb1 Ngf6 15.
Nbd2 O-O 16. Ne5 Nxe5 17. Bxe5 Nd7 18. g4 hxg4 19. hxg4 Be6 20. Bg3 Nf6 21. f3
Ra7 22. Nb3 b6 23. Bd3 Rfa8 24. Bb1 Bf8 25. Kf2 Ne8 26. Be5 f6 27. Bf4 g5 28.
Bg3 Nd6 29. Bxd6 Bxd6 30. Rc1 Rc7 31. Rh1 c5 32. Rh6 Rf8 33. dxc5 bxc5 34. Bc2
Rg7 35. Rah1 Kf7 36. Rh8 Rxh8 37. Rxh8 Bf8 38. Ke2 Bd7 39. Kf2 Bb5 40. Bf5 Bc4
41. Nc1 Ke8 42. b3 Bb5 43. Rh7 Rxh7 44. Bxh7 Ke7 45. Ke1 Kd6 46. Kd2 c4 47.
bxc4 dxc4 48. Ne2 Kc5 49. Nd4 Bd7 50. Bf5 Bxf5 51. Nxf5 Kb5 52. Kc2 Ka4 53. f4
Ka3 54. Kb1 b3 55. axb3 Kxb3 56. fxg5 fxg5 57. Nd4+ Kc3 58. Ne6 Be7 59. Kc1 Kd3
60. Kb2 Bf6+ 61. Kc1 Be7 62. Nd4 Ba3+ 63. Kd1 Bc5 64. Nc2 Bxe3 65. Nb4+ Kc3 66.
Nd5+ Kd4 67. Nc7 Kd3 68. Nd5 Bc5 69. Nc7 c3 0-1

[Event "VIII Open"]
[Site "Padova ITA"]
[Date "2005.12.17"]
[Round "8"]
[White "Cedriano, Filippo"]
[Black "Del Monaco, Andrea"]
[Result "0-1"]
[WhiteElo "2039"]
[BlackElo "2234"]
[PlyCount "60"]
[EventDate "2005.12.10"]

1. d4 Nf6 2. c4 e6 3. Nf3 Bb4+ 4. Bd2 a5 5. a3 Bxd2+ 6. Nfxd2 d6 7. Nc3 O-O 8.
e3 e5 9. Nde4 Nxe4 10. Nxe4 exd4 11. Qxd4 Nc6 12. Qc3 Re8 13. Nd2 Bg4 14. h3
Qh4 15. g3 Qh6 16. Bg2 Bf5 17. g4 Bd7 18. O-O-O a4 19. Rdg1 Qh4 20. Ne4 Na5 21.
Ng3 Qe7 22. Be4 Bc6 23. Bd5 Qe5 24. Qxe5 Rxe5 25. Rd1 Nxc4 26. Bxc4 Bxh1 27.
Bxf7+ Kxf7 28. Nxh1 Rc5+ 29. Kb1 Ra6 30. Ng3 Rac6 0-1

[Event "VIII Open"]
[Site "Padova ITA"]
[Date "2005.12.17"]
[Round "8"]
[White "Cipolotti, Piersilvio"]
[Black "Opacic, Alexandar"]
[Result "1-0"]
[WhiteElo "1703"]
[BlackElo "2122"]
[PlyCount "47"]
[EventDate "2005.12.10"]

1. Nf3 d5 2. g3 c6 3. Bg2 Bf5 4. d3 Qc8 5. O-O Bh3 6. e4 Bxg2 7. Kxg2 e6 8. e5
c5 9. c3 Ne7 10. d4 b6 11. Nh4 Ng6 12. Nxg6 hxg6 13. Bg5 Qa6 14. Nd2 Nc6 15.
Nb3 Rc8 16. a3 Be7 17. Bxe7 Nxe7 18. Rc1 Kd7 19. dxc5 bxc5 20. c4 d4 21. Nxd4
cxd4 22. Qxd4+ Ke8 23. Rfd1 Rh5 24. Qd7+ 1-0

[Event "VIII Open"]
[Site "Padova ITA"]
[Date "2005.12.17"]
[Round "8"]
[White "De Santis, Alessio"]
[Black "Mosconi, Ariel Oscar"]
[Result "1-0"]
[WhiteElo "2331"]
[BlackElo "2164"]
[PlyCount "69"]
[EventDate "2005.12.10"]

1. d4 Nf6 2. c4 g6 3. Nc3 Bg7 4. e4 d6 5. Be2 O-O 6. Bg5 Na6 7. h4 h5 8. f3 c6
9. Qd2 e5 10. d5 cxd5 11. cxd5 Nc7 12. O-O-O Nce8 13. Kb1 a6 14. g4 Qd7 15.
gxh5 Nxh5 16. Nh3 Nef6 17. Rdg1 Qe8 18. Bf1 Bd7 19. Nd1 a5 20. Bh6 Bxh3 21.
Bxh3 Qb5 22. Bf1 Qc5 23. Be3 Qc7 24. Nc3 Qe7 25. Bh3 Nf4 26. h5 N6xh5 27. Bg4
Nf6 28. Ne2 Nxg4 29. fxg4 Nxe2 30. Qxe2 Rfc8 31. Qh2 Qc7 32. Rc1 Qd7 33. Rcf1
Qa4 34. Qh7+ Kf8 35. Rxf7+ 1-0

[Event "VIII Open"]
[Site "Padova ITA"]
[Date "2005.12.17"]
[Round "8"]
[White "Dervishi, Erald"]
[Black "Drazic, Sinisa"]
[Result "0-1"]
[WhiteElo "2489"]
[BlackElo "2523"]
[PlyCount "134"]
[EventDate "2005.12.10"]

1. e4 c5 2. Nf3 e6 3. d4 cxd4 4. Nxd4 Nf6 5. Nc3 d6 6. Be2 Nc6 7. O-O Bd7 8.
Nb3 a6 9. Be3 b5 10. a3 Be7 11. f4 Qc7 12. Bf3 O-O 13. g4 Bc8 14. g5 Nd7 15.
Bg2 Re8 16. Qe2 Bf8 17. Rad1 Rb8 18. Rf3 b4 19. axb4 Rxb4 20. Rh3 g6 21. Qf2 a5
22. Qh4 h5 23. gxh6 Kh7 24. Bc1 a4 25. Nd2 Nd4 26. Nf3 Nxf3+ 27. Rxf3 Bb7 28.
Rh3 Be7 29. Qe1 Rc4 30. Kh1 Nf6 31. b3 axb3 32. cxb3 Rc5 33. Ba3 Ra5 34. Bb4
Ra6 35. Rhd3 Qb8 36. Qd2 Qa8 37. Rd4 Ra1 38. h3 Rxd1+ 39. Qxd1 Bc6 40. Kh2 e5
41. Rc4 exf4 42. Nd5 Bxd5 43. exd5 Nh5 44. Bf3 Qa2+ 45. Qc2 Qxc2+ 46. Rxc2 Rb8
47. Rc4 Kxh6 48. Re4 f5 49. Rc4 Rb5 50. Kg2 g5 51. Rc7 Bf6 52. Bxd6 Rxb3 53.
Bf8+ Kg6 54. Bxh5+ Kxh5 55. Rc6 f3+ 56. Kf1 g4 57. hxg4+ fxg4 58. Rxf6 g3 59.
Ke1 Rb1+ 60. Kd2 f2 61. Bc5 f1=Q 62. Rxf1 Rxf1 63. Kd3 Kg4 64. Kd4 Kf3 65. d6
Rf2 66. d7 Rd2+ 67. Ke5 Rxd7 0-1